Historia del Carbón de Colombia / (Registro nro. 15467)
[ vista simple ]
| 000 -LEADER | |
|---|---|
| fixed length control field | 01208nam a22002297a 4500 |
| 003 - CONTROL NUMBER IDENTIFIER | |
| control field | OSt |
| 005 - DATE AND TIME OF LATEST TRANSACTION | |
| control field | 20210323130949.0 |
| 008 - FIXED-LENGTH DATA ELEMENTS--GENERAL INFORMATION | |
| fixed length control field | 210323s2011 ck ao||gr|||| 00| 0 spa d |
| 020 ## - INTERNATIONAL STANDARD BOOK NUMBER | |
| International Standard Book Number | 9789584489739 |
| 040 ## - CATALOGING SOURCE | |
| Original cataloging agency | CO-JMCR |
| Transcribing agency | CO-JMCR |
| 041 ## - LANGUAGE CODE | |
| Language code of text/sound track or separate title | esp |
| 082 04 - DEWEY DECIMAL CLASSIFICATION NUMBER | |
| Classification number | 338.2724 / |
| Item number | E746h |
| Edition number | 23 |
| 100 1# - MAIN ENTRY--PERSONAL NAME | |
| Personal name | Escobar Chaparro, Alfonso, |
| Relator term | autor |
| 9 (RLIN) | 36441 |
| 245 14 - TITLE STATEMENT | |
| Title | Historia del Carbón de Colombia / |
| Statement of responsibility, etc. | Alfonso Escobar Chaparro |
| 250 ## - EDITION STATEMENT | |
| Edition statement | Primera edición |
| 260 ## - PUBLICATION, DISTRIBUTION, ETC. | |
| Place of publication, distribution, etc. | Bogotá : |
| Name of publisher, distributor, etc. | Ministerio de Minas y Energía, |
| Date of publication, distribution, etc. | 2011. |
| 300 ## - PHYSICAL DESCRIPTION | |
| Extent | 220 páginas : |
| Other physical details | ilustraciones y fotografías en color ; |
| Dimensions | 24 x 32 cm. |
| 505 0# - FORMATTED CONTENTS NOTE | |
| Formatted contents note | Cundinamarca. un minería con visión de futuro. -- Historia del Carbón. -- Hitos relacionados con el carbón. -- Aspectos institucionales del carbón en Colombia. -- Regiones mineras de carbón. -- El mercado del carbón. -- Aporte de la academia al desarrollo minero del país. -- Legislación del carbón. -- Seguridad minera. -- La minería y el medio ambiente. -- Infraestructura para el carbón. -- Historias de vida en la minería del carbón. |
| 650 24 - SUBJECT ADDED ENTRY--TOPICAL TERM | |
| Topical term or geographic name entry element | Legislación del carbón |
| Geographic subdivision | Colombia |
| 9 (RLIN) | 36442 |
| 650 24 - SUBJECT ADDED ENTRY--TOPICAL TERM | |
| Topical term or geographic name entry element | Historia |
| General subdivision | Carbón |
| Geographic subdivision | Colombia |
| 9 (RLIN) | 36443 |
| 942 ## - ADDED ENTRY ELEMENTS (KOHA) | |
| Source of classification or shelving scheme | Dewey Decimal Classification |
| Koha item type | Books |
| Withdrawn status | Lost status | Source of classification or shelving scheme | Damaged status | Not for loan | Home library | Current library | Shelving location | Date acquired | Source of acquisition | Total Checkouts | Full call number | Barcode | Date last seen | Copy number | Price effective from | Koha item type |
|---|---|---|---|---|---|---|---|---|---|---|---|---|---|---|---|---|
| Dewey Decimal Classification | Biblioteca Pública José María del Castillo y Rada | Biblioteca Pública José María del Castillo y Rada | General Stacks | Donación | 338.2724 / E746h | 201810969 | 05/16/2024 | Ej.1 | Books |